| 000 | 00381nam a2200145Ia 4500 | ||
|---|---|---|---|
| 008 | 230917s9999||||xx |||||||||||||| ||und|| | ||
| 040 |
_e79235 _aMAIN |
||
| 041 | _aEnglish | ||
| 082 | _a343.0929 B469I | ||
| 100 | _aBharucha, Naushir | ||
| 245 | 0 | _aIndian electricity rules, 1956 | |
| 260 |
_aBombay _bBombay Presidency Association _c1966 |
||
| 300 | _axii, 635 p. | ||
| 942 | _cBK | ||
| 999 |
_c220294 _d220294 |
||